| 000 | 00618nam a22002057a 4500 | ||
|---|---|---|---|
| 003 | OSt | ||
| 005 | 20140310182800.0 | ||
| 008 | 130213t xxu||||| |||| 00| 0 eng d | ||
| 020 | _a9812470522 | ||
| 050 |
_aTX 911.3.M3 _b.K68 2003 |
||
| 245 |
_aMarketing for hospitality and tourism / _cPhilip Kotler, John Bowen, James Makens. |
||
| 260 |
_aUpper Saddle River, NJ : _b Prentice Hall, _c2003. |
||
| 300 |
_a 893 p. : _bcol. ill. ; _c26 cm. |
||
| 521 | _aTOU | ||
| 562 | _e1 | ||
| 650 |
_21. Hospitality industry _a--Marketing. |
||
| 650 |
_22. Tourism _a--Marketing |
||
| 942 |
_2lcc _cBK _kFOR |
||
| 999 |
_c15964 _d15964 |
||